Zgadnij model samochodu #1 - Statystyki

Ogólne statystyki
  • Ten quiz został rozwiązany 64 razy
  • Średni wynik to 10 z 16
Statystyki odpowiedzi
Obrazkowy Odpowiedź % Poprawnych
Honda Civic
94%
Opel Insignia
83%
Audi Q2
81%
Porsche Panamera
79%
Mercedes Vito
68%
Citroen C3
66%
Fiat Bravo
66%
Kia Ceed
66%
Mazda 3
66%
Volvo V40
53%
Lexus LFA
49%
Toyota Camry
49%
Nissan Qashqai
43%
Peugeot 3008
42%
Seat Arona
28%
Alfa Romeo 147
25%
Nie znaleziono quizów pasujących do podanych kryteriów
Rozkład punktacji
Procent ludzi z każdym wynikiem
Percentyl według liczby udzielonych odpowiedzi
Twoja historia wyników
Nie rozwiązałeś tego quizu